Who's That Cuber? - Statistics

General Stats
  • This quiz has been taken 10 times
  • The average score is 12 of 16
Answer Stats
Picture Answer % Correct
Feliks Zemdegs
100%
Max Park
100%
Tymon Kolasiński
90%
Yusheng Du
90%
Minh Thai
80%
Tommy Cherry
80%
Yiheng Wang
80%
Erik Akkersdijk
70%
Luke Garrett
70%
Sebastian Weyer
70%
Graham Siggins
60%
Juliette Sébastien
60%
Kevin Hays
60%
Mats Valk
60%
Stanley Chapel
60%
Zayn Khanani
60%
No matching quizzes found
Score Distribution
Percent of People with Each Score
Percentile by Number Answered
Your Score History
You have not taken this quiz